000 01165nam a2200313 c 4500
003 BLK
005 20240227005325.0
008 180411b bul|||||r ||||||| ||bul||
010 _aKNG00194425000
040 _aBLK
041 _aBUL
_cBUL
080 _aБългарска литература
_b821.163.2
_x-7
_z821.163.2-7
100 _aЖотев, Добри
_gПоет, писател.
_d1921-1997
_qДимитров, Добри Александров
_9251874
700 1 _aАнастасов, Георги
_eил.
_9364356
139 _aЖотев, Добри
_bЖ 77
245 1 0 _aПредумишлено убийство
_b[Хуморист. разкази]
_cДобри Жотев; ил. Георги Анастасов.
257 _aBGR
260 София
_bв. Стършел
_c1974
300 _a64 с.
_c17 см
380 _aX
490 1 _aБиблиотека Стършел
_v212
500 _a35 100 тир.
852 _aЦб I 13884
856 4 _qpdf
_u
856 4 _qpdf
_u
942 _cKNG
_n0
944 _aCR
_c25.10.2016
_k
_lCRON CRON
944 _aED
_c25.10.2016
_kВаля_Йорданова
999 _c185432
_d185432